<?xml version="1.0" encoding="UTF-8"?>
<record
    xmlns:xsi="http://www.w3.org/2001/XMLSchema-instance"
    xsi:schemaLocation="http://www.loc.gov/MARC21/slim http://www.loc.gov/standards/marcxml/schema/MARC21slim.xsd"
    xmlns="http://www.loc.gov/MARC21/slim">

  <leader>01356nam a22002777a 4500</leader>
  <controlfield tag="005">20250910103211.0</controlfield>
  <controlfield tag="008">250910b        mx ||||| |||| 00| 0 spa d</controlfield>
  <datafield tag="020" ind1=" " ind2=" ">
    <subfield code="a">9685923175</subfield>
  </datafield>
  <datafield tag="050" ind1="0" ind2="4">
    <subfield code="a">HC138.G83</subfield>
    <subfield code="b">R47 2007</subfield>
  </datafield>
  <datafield tag="245" ind1="0" ind2="0">
    <subfield code="a">Reproducci&#xF3;n precaria familiar  </subfield>
    <subfield code="b"> : conceptualizaci&#xF3;n y evidencias en Zacatecas-Guadalupe (1990-2004) </subfield>
    <subfield code="c"> / Guadalupe Margarita Gonz&#xE1;lez Hern&#xE1;ndez,...[et al.].</subfield>
  </datafield>
  <datafield tag="246" ind1="1" ind2="4">
    <subfield code="a">Reproducci&#xF3;n precaria familiar  </subfield>
    <subfield code="b"> : conceptualizaci&#xF3;n y evidencias en Zacatecas-Guadalupe  mil novecientos noventa a dos mil cuatro </subfield>
  </datafield>
  <datafield tag="250" ind1=" " ind2=" ">
    <subfield code="a">1a ed.</subfield>
  </datafield>
  <datafield tag="260" ind1=" " ind2=" ">
    <subfield code="a">M&#xE9;xico :</subfield>
    <subfield code="b">Universidad Aut&#xF3;noma de Zacatecas : </subfield>
    <subfield code="b">Consejo Nacional de Ciencia y Tecnolog&#xED;a (CONACYT), Gobierno del Estado de Zacatecas,</subfield>
    <subfield code="c">2007</subfield>
  </datafield>
  <datafield tag="300" ind1=" " ind2=" ">
    <subfield code="a">277 p. :</subfield>
    <subfield code="b">il. ;</subfield>
    <subfield code="c">23 cm.</subfield>
  </datafield>
  <datafield tag="504" ind1=" " ind2=" ">
    <subfield code="a">Bibliograf&#xED;a : p. 262-274</subfield>
  </datafield>
  <datafield tag="650" ind1=" " ind2="4">
    <subfield code="a">Familias pobres</subfield>
    <subfield code="z">Guadalupe (Zacatecas)</subfield>
  </datafield>
  <datafield tag="650" ind1=" " ind2="4">
    <subfield code="a">Pobreza </subfield>
    <subfield code="z">Guadalupe (Zacatecas)</subfield>
  </datafield>
  <datafield tag="651" ind1=" " ind2="7">
    <subfield code="a">Guadalupe (Zacatecas) </subfield>
    <subfield code="x">Condiciones sociales</subfield>
    <subfield code="2">lemb</subfield>
  </datafield>
  <datafield tag="651" ind1=" " ind2="7">
    <subfield code="a">Guadalupe (Zacatecas) </subfield>
    <subfield code="x">Condiciones econ&#xF3;micas</subfield>
    <subfield code="2">lemb</subfield>
  </datafield>
  <datafield tag="700" ind1=" " ind2="1">
    <subfield code="a">Gonz&#xE1;lez Hern&#xE1;ndez, Guadalupe Margarita</subfield>
    <subfield code="e">autor.</subfield>
  </datafield>
  <datafield tag="700" ind1=" " ind2="1">
    <subfield code="a">Acosta Reveles, Irma Lorena</subfield>
    <subfield code="e">autor.</subfield>
  </datafield>
  <datafield tag="700" ind1=" " ind2="1">
    <subfield code="a">Gonz&#xE1;lez Her&#xE1;ndez, Jos&#xE9; Roberto</subfield>
    <subfield code="e">autor.</subfield>
  </datafield>
  <datafield tag="700" ind1=" " ind2="1">
    <subfield code="a">Ram&#xED;rez &#xC1;vila, Jos&#xE9; de Jes&#xFA;s</subfield>
    <subfield code="e">autor.</subfield>
  </datafield>
  <datafield tag="700" ind1=" " ind2="1">
    <subfield code="a">Figueroa Sep&#xFA;lveda, V&#xED;ctor Manuel</subfield>
    <subfield code="e">autor.</subfield>
  </datafield>
  <datafield tag="942" ind1=" " ind2=" ">
    <subfield code="2">lcc</subfield>
    <subfield code="c">LIB</subfield>
  </datafield>
  <datafield tag="999" ind1=" " ind2=" ">
    <subfield code="c">48858</subfield>
    <subfield code="d">48858</subfield>
  </datafield>
  <datafield tag="952" ind1=" " ind2=" ">
    <subfield code="1">0</subfield>
    <subfield code="2">lcc</subfield>
    <subfield code="4">0</subfield>
    <subfield code="7">8</subfield>
    <subfield code="a">LIC-029</subfield>
    <subfield code="b">LIC-029</subfield>
    <subfield code="c">GENERAL</subfield>
    <subfield code="d">2025-09-10</subfield>
    <subfield code="e">UA</subfield>
    <subfield code="f">1a ed.</subfield>
    <subfield code="h"> </subfield>
    <subfield code="i">CEA</subfield>
    <subfield code="k">CSA</subfield>
    <subfield code="o">HC138.G83 R47 2007</subfield>
    <subfield code="p">BFE000006025</subfield>
    <subfield code="r">2014-02-14 00:00:00</subfield>
    <subfield code="t">1</subfield>
    <subfield code="v">1.00</subfield>
    <subfield code="y">LIB</subfield>
  </datafield>
</record>
